000 00972nam0a22002891 4500
001 RU\INGAK2\INFOCOMM_115\NLR\5000018183
005 20250625203132.0
035 _a(NLR Aleph) 011068658
090 _a11267402
_c11267402
100 _a20160210d1975 |||y0rusy50 ca
101 0 _aspa
102 _aRU
105 _ay z||||
200 1 _aUno, dos, tres ...
_e[Versos para los niños]
_f[Revisión y adapt. de Dolores Blanco]
210 _aM.
_c"Progreso"
_d[1975]
215 _a[20] с
_cцв. ил.
_d28 см
300 _aНа тит. л. авт. не указан
300 _aВ вып. дан.: Алексей Михайлович Лаптев. Раз, два, три ...
517 1 _aРаз, два, три ...
_zrus
620 _aМосква
686 _aДл370
_2rubbk
700 1 _aLaptev
_bA. M.
_f1905-1965
_gAleksej Michajlovič
801 1 _aRU
_bInfoComm
_c20121227
801 0 _aRU
_bNLR
_gPSBO
852 _aNLR
_jДл01 Д-8/541
942 _cBOOK
980 _aNB